| 000 -LEADER |
| fixed length control field |
00672cam a2200193 a 4500 |
| 020 ## - INTERNATIONAL STANDARD BOOK NUMBER |
| ISBN |
0874211182 |
| 040 ## - CATALOGING SOURCE |
| Transcribing agency |
DLC |
| 082 00 - DEWEY DECIMAL CLASSIFICATION NUMBER |
| Classification number |
636 AUS 1982 A045 Or. |
| 245 00 - TITLE STATEMENT |
| Title |
Central and Southeast Asia tables of feed composition / |
| 260 ## - PUBLICATION, DISTRIBUTION, ETC. (IMPRINT) |
| Place of publication |
Logan, Utah, U.S.A. : |
| Name of publisher |
International Feedstuffs Institute, Dept. of Animal, Dairy, and Veterinary Sciences, Utah State University ; |
| Place of publication |
Blacktown, N.S.W., Aus. : |
| Name of publisher |
Australian Feeds Information Centre, |
| Year of publication |
c1982. |
| 300 ## - PHYSICAL DESCRIPTION |
| Number of Pages |
ix, 513 p. ; |
| Dimensions |
29 cm. |
| 500 ## - GENERAL NOTE |
| General note |
"October 1982." |
| 650 #0 - SUBJECT ADDED ENTRY--TOPICAL TERM |
| Topical Term |
Feeds |
| 650 #0 - SUBJECT ADDED ENTRY--TOPICAL TERM |
| Topical Term |
Feeds |
| 650 #0 - SUBJECT ADDED ENTRY--TOPICAL TERM |
| Topical Term |
Feeds |
| 700 1# - ADDED ENTRY--PERSONAL NAME |
| Personal name |
Harris, Lorin E., |
| 710 2# - ADDED ENTRY--CORPORATE NAME |
| Corporate name or jurisdiction name as entry element |
International Feedstuff Institute. |
| 942 ## - ADDED ENTRY ELEMENTS (KOHA) |
| Koha item type |
សៀវភៅភាសាអង់គ្លេស |
| 952 ## - LOCATION AND ITEM INFORMATION (KOHA) |
| Withdrawn status [LOCAL, KOHA] |
0 |